000 00354 a2200169 4500
001 173294
020 _a
040 _cMagnum
100 _aCaldas, Bonifácio
240 1 0 _aO vestido da centopéia
_lpor
245 1 0 _aO vestido da centopéia
300 _a24
362 0 _a1990
440 1 _aÁtica
697 _aLITERATURA INFANTO
942 _cBK
999 _c173294
_d173294